A brief history of time : (Record no. 6012)
[ view plain ]
| 000 -LEADER | |
|---|---|
| fixed length control field | 01926nam a22002777a 4500 |
| 001 - CONTROL NUMBER | |
| control field | 6012 |
| 003 - CONTROL NUMBER IDENTIFIER | |
| control field | FISKH |
| 005 - DATE AND TIME OF LATEST TRANSACTION | |
| control field | 20250220110439.0 |
| 008 - FIXED-LENGTH DATA ELEMENTS--GENERAL INFORMATION | |
| fixed length control field | 250220b cb ||||| |||| 00| 0 eng d |
| 020 ## - INTERNATIONAL STANDARD BOOK NUMBER | |
| International Standard Book Number | 9780553176988 |
| Terms of availability | $15.00 |
| 040 ## - CATALOGING SOURCE | |
| Original cataloging agency | DLC |
| Transcribing agency | DLC |
| Modifying agency | DLC |
| Language of cataloging | eng |
| 050 ## - LIBRARY OF CONGRESS CALL NUMBER | |
| Classification number | QB981.H377 |
| 082 ## - DEWEY DECIMAL CLASSIFICATION NUMBER | |
| Classification number | 523.1 |
| 100 1# - MAIN ENTRY--PERSONAL NAME | |
| Personal name | Hawking, Stephen, |
| Dates associated with a name | 1942-2018. |
| 245 12 - TITLE STATEMENT | |
| Title | A brief history of time : |
| Remainder of title | From the big bang to black holes / |
| Statement of responsibility, etc. | Stephen W. Hawking. |
| 250 ## - EDITION STATEMENT | |
| Edition statement | This edition published in 2016 |
| 260 ## - PUBLICATION, DISTRIBUTION, ETC. | |
| Place of publication, distribution, etc. | London : |
| Name of publisher, distributor, etc. | Bantam Books, |
| Date of publication, distribution, etc. | 1988 |
| 300 ## - PHYSICAL DESCRIPTION | |
| Extent | 254 pages : |
| Other physical details | illustrations ; |
| Dimensions | 18 cm |
| 511 0# - PARTICIPANT OR PERFORMER NOTE | |
| Participant or performer note | Read by Nelson Runger. |
| 520 ## - SUMMARY, ETC. | |
| Summary, etc. | "In the ten years since its publication in 1988, Stephen Hawking's classic work has become a landmark volume in scientific writing, with more than nine million copies in forty languages sold worldwide. That edition was on the cutting edge of what was then known about the origins and nature of the universe. But the intervening years have seen extraordinary advances in the technology of observing both the micro- and the macrocosmic worlds. These observations have confirmed many of Professor Hawking's theoretical predictions in the first edition of his book, including the recent discoveries of the Cosmic Background Explorer satellite (COBE), which probed back in time to within 300,000 years of the universe's beginning and revealed wrinkles in the fabric of space-time that he had projected." "Eager to bring to his original text the new knowledge revealed by these observations, as well as his own recent research, Professor Hawking has prepared a new introduction to the book, written an entirely new chapter on wormholes and time travel, and updated the chapters throughout."--Jacket. |
| 650 #0 - SUBJECT ADDED ENTRY--TOPICAL TERM | |
| Topical term or geographic name entry element | Cosmology. |
| Source of heading or term | Non-fiction |
| 650 #0 - SUBJECT ADDED ENTRY--TOPICAL TERM | |
| Source of heading or term | History of science |
| Form subdivision | Physics |
| 906 ## - LOCAL DATA ELEMENT F, LDF (RLIN) | |
| a | 7 |
| b | cbc |
| c | orignew |
| d | 2 |
| e | ncip |
| f | 19 |
| g | y-genmusic |
| 942 ## - ADDED ENTRY ELEMENTS (KOHA) | |
| Source of classification or shelving scheme | Dewey Decimal Classification |
| Koha item type | Books |
| Suppress in OPAC | No |
| Withdrawn status | Lost status | Source of classification or shelving scheme | Damaged status | Not for loan | Collection | Home library | Current library | Shelving location | Date acquired | Total Checkouts | Full call number | Barcode | Date last seen | Price effective from | Koha item type |
|---|---|---|---|---|---|---|---|---|---|---|---|---|---|---|---|
| Dewey Decimal Classification | Non-Fiction | Footprints International School Library Network Toul Kork Campus | Footprints International School Library Network Toul Kork Campus | A TK Campus, 4th Floor, Room B401, Non-Fiction Bookcases(7-8) | 02/20/2025 | HAW 523.1 QB981.H377 | 2025-0649 | 02/20/2025 | 02/20/2025 | Books |
